Illegal / Francisco X. Stork.
Available copies
- 1 of 1 copy available at LARL/NWRL Consortium.
- 1 of 1 copy available at Lake Agassiz Regional Library. (Show preferred library)
Current holds
0 current holds with 1 total copy.
Show Only Available Copies
| Location | Call Number / Copy Notes | Barcode | Shelving Location | Status | Due Date |
|---|---|---|---|---|---|
| Fosston Public Library | Y STO (Text) | 33500013310545 | Main | Available | - |
Record details
- ISBN: 9781338310559
- ISBN: 1338310550
- Physical Description: pages cm
- Edition: First edition.
- Publisher: New York : Scholastic Press, 2020.
Content descriptions
| Summary, etc.: | To escape the violent cartel that is after them in ... Read More |
| Target Audience Note: | Ages 12+. Scholastic Press. Grades 7-9. Scholastic Press. |
Search for related items by subject
Search for related items by series
| LDR | 01785cam a22004698i 4500 | ||
|---|---|---|---|
| 001 | 348182 | ||
| 003 | LARL_NWRL_CONSORTIUM | ||
| 005 | 20201210195323.0 | ||
| 008 | 200407s2020 nyu d 000 1 eng | ||
| 010 | . | ‡a 2020010973 | |
| 040 | . | ‡aDLC ‡beng ‡erda ‡cDLC | |
| 020 | . | ‡a9781338310559 ‡q(hardcover) | |
| 020 | . | ‡a1338310550 | |
| 020 | . | ‡z9781338310573 ‡q(ebk) | |
| 035 | . | ‡a(OCoLC)1111948922 | |
| 042 | . | ‡apcc ‡alcac | |
| 082 | 0 | 0. | ‡a[Fic] ‡223 |
| 100 | 1 | . | ‡aStork, Francisco X., ‡eauthor. ‡0(LARL_NWRL_CONSORTIUM)179239 |
| 245 | 1 | 0. | ‡aIllegal / ‡cFrancisco X. Stork. |
| 250 | . | ‡aFirst edition. | |
| 264 | 1. | ‡aNew York : ‡bScholastic Press, ‡c2020. | |
| 300 | . | ‡apages cm | |
| 336 | . | ‡atext ‡btxt ‡2rdacontent | |
| 337 | . | ‡aunmediated ‡bn ‡2rdamedia | |
| 338 | . | ‡avolume ‡bnc ‡2rdacarrier | |
| 490 | 0 | . | ‡aDisappeared ; ‡v2 |
| 521 | . | ‡aAges 12+. ‡bScholastic Press. | |
| 521 | . | ‡aGrades 7-9. ‡bScholastic Press. | |
| 520 | . | ‡aTo escape the violent cartel that is after them in Ciudad Juárez, siblings Sara and Emiliano flee across the border, seeking a better life in the United States and hoping to bring their pursuers to justice, only to discover that an even greater danger awaits them. | |
| 650 | 1. | ‡aBrothers and sisters ‡vFiction. ‡0(LARL_NWRL_CONSORTIUM)163634 | |
| 650 | 1. | ‡aEmigration and immigration ‡vFiction. ‡0(LARL_NWRL_CONSORTIUM)169241 | |
| 650 | 1. | ‡aIllegal aliens ‡vFiction. ‡0(LARL_NWRL_CONSORTIUM)165205 | |
| 650 | 1. | ‡aDetention of persons ‡vFiction. | |
| 650 | 1. | ‡aHuman trafficking ‡vFiction. | |
| 650 | 1. | ‡aMexicans ‡zUnited States ‡vFiction. | |
| 651 | 1. | ‡aIllinois ‡vFiction. ‡0(LARL_NWRL_CONSORTIUM)165196 | |
| 651 | 1. | ‡aTexas ‡vFiction. ‡0(LARL_NWRL_CONSORTIUM)167647 | |
| 776 | 0 | 8. | ‡iOnline version: ‡aStork, Francisco X. ‡tIllegal. ‡bFirst edition ‡dNew York : Scholastic Press, 2020 ‡z9781338310573 ‡w(DLC) 2020010974 |
| 905 | . | ‡uvanderl | |
| 901 | . | ‡a348182 ‡b ‡c348182 ‡tbiblio ‡soclc | |

Add to basket
Permalink
Disable Highlighting